000
00329nam a2200133Ia 4500
005
20251222142006.0
008
251222s9999||||xx |||||||||||||| ||spa||
020
_a
958-20-0367-7
082
_a
370.154/D54
100
_a
Delgado Santagadea, Kenneth
245
0
_a
Educación Participativa:
264
_b
Magisterio
942
_c
LIB
999
_c
10176
_d
10176